00310nam a22000977a 4500082001200000100001800012245009200030260004100122650002200163700002700185 aTHE 200 aAdnan Khalid  aTH-SOF-0798-SCOPE OF CLOUD COMPUTING USING SUPPLY CHAIN MANAGEMENT FOR SMES OF PAKISTAN aNUST COLLEGE OF EMEbISLAMABADc2001 a MS-EM-6 MSTHESIS aDr. Akhtar Nawaz Malik